Central Library OPAC University of Rajshahi
Normal view MARC view

Entry Topical Term

Number of records used in: 4

001 - CONTROL NUMBER

  • control field: 152

003 - CONTROL NUMBER IDENTIFIER

  • control field: BD-RjUL

005 - DATE AND TIME OF LATEST TRANSACTION

  • control field: 20211212165113.0

008 - FIXED-LENGTH DATA ELEMENTS

  • fixed length control field: 211212|| aca||aabn | a|a d

040 ## - CATALOGING SOURCE

  • Original cataloging agency: BD-RjUL
  • Transcribing agency: BD-RjUL

150 ## - HEADING--TOPICAL TERM

  • Topical term or geographic name entry element: Daʻwah (Islam)

670 ## - SOURCE DATA FOUND

  • Source citation: Work cat.: (BD-RjUL)78988: مطعني، عبد العظيم إبراهيم ;; Mtna, Abdul Azim Ibrahim 151, سماحة الاسلام فى الدعوة الى الله والعلاقات الانسانية : منهاجا وسيرة ;; samahat alaslam faa aldaewat alaa allah walealaqat alansaniat : minhajan wasiratan /, 1993